000 00688nam a2200241Ia 4500
003 OSt
005 20220924130907.0
006 a|||||r|||| 00| 0
007 ta
008 220923b |||||||| |||| 00| 0 hin d
024 _a230274
037 _cTextual
040 _aARTS
_cARTS
_bhin
041 _2hin
_ahin
082 _aO15,1D40:g, 152P6
100 _aSinha Purnendu Narayan
_9200825
245 0 _aMahakavi Kalidas ki bhasha ka ravyatmak vaishistya
260 _aVaranasi
_bAditya Book Centre India
_c2006
300 _a224p.
_ccm.
650 _aKALIDAS
942 _hO15,1D40:g, 152P6
_cTEXL
_2CC
999 _c425551
_d425551